000 00417pab a2200145 454500
008 180718b2000 xxu||||| |||| 00| 0 eng d
100 _aRahman, Mir Obaidur
245 _aPlanning in market economy: Bangladesh scenario
260 _c2000
300 _ap.141-53.
650 _aEconomic planning - Bangladesh
650 _aEconomic planning
773 _aBangladesh Journal of Public Administration
909 _a52950
999 _c52950
_d52950